Faut il dire la vérité - Statistiques

Statistiques générales
  • Ce quiz a été pris 3 fois
  • Le résultat moyen est 6 sur 9
Statistiques - réponses
Thèse de l'auteur Livre % Correct
La vertu est une disposition acquise à bien agir Éthique à Nicomaque
100%
Les facultés humaines sont limitées, nous ne pouvons forcément voir la vérité Théétète
100%
La vérité est le fondement de la vie sociale De la certitude
67%
La moralité d'une action se définit par les conséquences de celle ci Introduction aux principes de la morale et de la législation
67%
Le mensonge en politique est comme le médicament pour un médecin La République
67%
La vérité est un fait de langage: suite de dénomination et consecution juste Le Léviathan
67%
Le moindre mal est dangereux L'être et le néant
67%
La vérité est une vertu morale La somme théorique
33%
La moralité d'un individu se mesure à l'aune de ses intentions Fondements de la métaphysique des mœurs
0%
Aucun quiz correspondant
Distribution des résultats
% des personnes avec chaque résultat
Percentile par nombre de réponses
Votre historique - résultats
Vous n’avez pas pris ce quiz